000 00193nam a2200085 4500
001 1254988
005 20251202111622.0
245 _aCANIM ARKADAŞIM
_cÖZGÜR BALPINAR
260 _bTİMAŞ YAYINLARI
999 _c1254988
_d1254988